| 000 | 01039pam a2200325 a 4500 | ||
|---|---|---|---|
| 008 | |||
| 020 | _a9781907816826 (paperback) | ||
| 040 |
_aNUST _cNUST |
||
| 049 | _aMAIN | ||
| 090 |
_aRM345 _bMOR |
||
| 100 | _aMorris, Paul | ||
| 245 | 0 | 0 |
_aCardiovascular medicine / _cPaul Morris, David Warriner and Allison Morton |
| 260 |
_aLondon: _bJP Medical Publishers, _c2015 |
||
| 300 |
_axvi, 403 pages : _billustrations (some colour) ; _c26 cm. |
||
| 336 |
_atext _btxt _2rdacontent |
||
| 337 |
_aunmediated _bn _2rdamedia |
||
| 338 |
_avolume _bnc _2rdacarrier |
||
| 440 | _aEureka | ||
| 500 | _aIncludes index. | ||
| 650 | 0 | _aCardiovascular medicine. | |
| 650 | 2 |
_aCardiovascular Agents _xtherapeutic use. |
|
| 650 | 2 |
_aCardiovascular Diseases _xdrug therapy. |
|
| 650 | 2 |
_aCardiovascular System _xdrug therapy. |
|
| 700 | 1 | _aWarriner, David | |
| 700 | _aMorton, Allison | ||
| 907 |
_a.b1041082x _b19-10-21 _c07-10-21 |
||
| 003 | |||
| 005 | 20230120204322.0 | ||
| 942 |
_cBOOKS _kRM345 _mMOR |
||
| 999 |
_c121094 _d121094 |
||